King Henry IV part I

Bibliographic Details
Main Author: SHAKESPEARE, William
Other Authors: HUMPHREYS, A.R
Format: Book
Published: London : Routledge , 1992
Series:The Arden Shakespeare
Subjects:

MARC

LEADER 00000cam a2200000 7i4500
001 0000001690
002 000001841
005 20080124.0
020 |a 0415027500 
090 0 0 |a 822.33   |b SHA 
100 1 |a SHAKESPEARE, William 
245 1 0 |a King Henry IV part I   |c William Shakespeare ; edited by A.R. Humphreys 
260 |a London :   |b Routledge ,   |c 1992 
300 |a 203p. ;   |c 20cm. 
490 0 |a The Arden Shakespeare 
650 0 0 |a King Henry IV   |x Drama 
700 1 |a HUMPHREYS, A.R 
999 |a 034081   |b BUKU   |c PINJAMAN   |e PERPUSTAKAAN KOMUNITI PETALING JAYA